Loading...
| History - European | 1 | 7 | 2 | 1 | 75 | 55 | 114.75 | 2 | 4 | 15.21 | 42.63 |
| History - Other | 0 | 5 | 0 | 1 | 50 | 106 | 120.00 | 0 | 1 | 7.93 | 19.35 |
| Modern World | 1 | 2 | 0 | 0 | 35 | 59 | 96.67 | 0 | 1 | 16.29 | 32.50 |
| Religion | 2 | 1 | 3 | 0 | 25 | 65 | 90.67 | 1 | 2 | 8.51 | 15.38 |
| History - American | 0 | 2 | 0 | 1 | 20 | 130 | 135.00 | 0 | 0 | 0.50 | 6.31 |
| History - World | 0 | 3 | 2 | 2 | 20 | 127 | 136.00 | 0 | 0 | 1.34 | 9.89 |
| Social Science | 0 | 2 | 0 | 0 | 20 | 121 | 122.00 | 0 | 0 | 1.73 | 4.42 |
| Fine Arts - Other Arts | 1 | 0 | 0 | 0 | 15 | 93 | 93.00 | 0 | 1 | 3.02 | 7.14 |
| Other Academic | 0 | 1 | 0 | 0 | 10 | 101 | 101.00 | 0 | 0 | 4.90 | 12.50 |
| Other Culture | 0 | 1 | 0 | 0 | 10 | 121 | 121.00 | 0 | 0 | 5.32 | 15.56 |
| Philosophy | 0 | 1 | 0 | 0 | 10 | 129 | 129.00 | 0 | 0 | 0.75 | 1.54 |
| Mythology | 0 | 1 | 0 | 0 | 10 | 119 | 119.00 | 0 | 0 | 4.04 | 11.43 |
| Science - Physics | 0 | 1 | 0 | 0 | 10 | 141 | 141.00 | 0 | 0 | 0.71 | 4.90 |
| Literature - European | 0 | 1 | 0 | 0 | 10 | 148 | 148.00 | 0 | 0 | 0.44 | 3.55 |